Biggest Cities in Visigothic Spain with a Map - Statistics

General Stats
  • This quiz has been taken 343 times
  • The average score is 11 of 18
Answers on the Map
Answers color-coded by a green-red scale on the quiz's map according to % correct below.
 
Answer Stats
Population City % Correct
15k Olisipo (Lisbon)
100%
11k Hispalis (Seville)
95%
10k Portus Cale (Porto)
94%
18k Corduba (Córdoba)
91%
10k Toletum (Toledo)
90%
10k Malaca (Málaga)
88%
3k Legio (León)
75%
11k Emerita (Mérida)
66%
3k Carthago Spartaria (Cartagena)
65%
4k Tarraco (Tarragona)
63%
4k Bracara (Braga)
59%
5k Asta Regia (Jerez de la Frontera)
56%
3k Gaiena (Jaén)
53%
4k Narbona (Narbonne)
53%
3k Nemausus (Nîmes)
39%
3k Astigi (Écija)
20%
3k Balsa (Tavira)
16%
3k Reccopolis (Zorita de los Canes)
4%
No matching quizzes found
Score Distribution
Percent of People with Each Score
Percentile by Number Answered
Your Score History
You have not taken this quiz